000 00674nam a2200241Ia 4500
003 OSt
005 20221007064804.0
006 a|||||r|||| 00| 0
007 ta
008 221006b |||||||| |||| 00| 0 eng d
024 _a10,046
037 _cReference Collections
040 _aFLL
_cFLL
_beng
041 _2eng
_aeng
082 _aZ2:881zN5, J5
100 _aAggarawala O.P. Au.
_9686280
245 0 _aIndian supreme court digest
250 _a1st
260 _aDelhi
_bMetropolitan book comp. India
_c1955
300 _axlvi,788p
_ccm.
942 _hZ2:881zN5, J5
_cREF
_2CC
999 _c1135349
_d1135349